Toutes les équipes ayant battu le PSG - Statistiques

Statistiques générales
  • Ce quiz a été pris 4 670 fois
    2 469 depuis la dernière actualisation
  • Le résultat moyen est 26 sur 34
Statistiques - réponses
Nombre de x Equipe Pays % Correct
3 Marseille FRA
99%
7 Lyon FRA
97%
4 Real Madrid ESP
97%
4 Barcelone ESP
96%
4 Bayern Munich ALL
96%
4 Manchester City ANG
96%
4 Lille FRA
93%
2 Manchester United ANG
93%
6 Monaco FRA
91%
1 Dortmund ALL
90%
1 Benfica POR
89%
9 Rennes FRA
89%
1 Porto POR
88%
3 Nice FRA
87%
1 Chelsea ANG
84%
1 Saint-Étienne FRA
84%
2 Lens FRA
83%
3 Nantes FRA
83%
1 Bordeaux FRA
82%
1 Liverpool ANG
81%
1 Strasbourg FRA
79%
1 Toulouse FRA
79%
3 Montpellier FRA
76%
3 Reims FRA
66%
1 Leipzig ALL
64%
2 Lorient FRA
60%
1 Salzbourg AUT
57%
1 Clermont FRA
50%
3 Guingamp FRA
44%
1 Dijon FRA
42%
1 Bastia FRA
41%
2 Nancy FRA
36%
1 Sochaux FRA
32%
1 Evian FRA
31%
Aucun quiz correspondant
Distribution des résultats
% des personnes avec chaque résultat
Percentile par nombre de réponses
Votre historique - résultats
Vous n’avez pas pris ce quiz depuis la dernière actualisation